00525nam a2200157 450000500170000002000180001708200190003508400250005410000160007924500510009526000460014630000110019294200120020399900190021595201330023420260521134341.0 a9789348009609 a894.812 KEN. S 2Colon Classification aKEN 914863 aSamvadangalude album : cultural studies / KEN  aTrivandrum :bChintha publishers, cc2024 a360p.  2ddccBK c759711d759711 00102ddc40708NFICaCAMPUSbCAMPUScGENd2026-05-21g480.00l0o894.812 KEN. SpUCL35320r2026-05-21 13:44:18w2026-05-21yBK